000 00944cam a2200193 4500
001 WB3908-06
008 030227n2003 000 0 eng u
035 _a(Sirsi) u121452
245 _aBusiness costs brought down by 'green' schemes
260 _c2003
490 _aNational Assembly for Wales Press Release
_v 27 February 2003 (1)
520 _aWelsh economic development minister has launched the "Business and environment action plan" which will run for three years and focus initially on encouraging small and medium sized businesses to implement 'green' schemes in order to maintain a sustainable environment and make significant savings. http://www.wales.gov.uk/servlet/PressReleaseByDateServlet?area_code=37E752F2000942E000000A2E00000000&document_code=N0000000000000000000000000007494
590 _aWB
650 _aGREEN ISSUES
650 _aSMES
650 _aSMES
690 _aMANAGEMENT-BUSINESS MANAGEMENT
942 _n0
999 _c72173
_d72173